| 000 | 01414nam0a2200361 4500 | ||
|---|---|---|---|
| 001 | RU\NLR\bibl\306628 | ||
| 005 | 20250620150639.0 | ||
| 010 |
_a5-89692-112-8 _bВ пер. _92000 |
||
| 021 |
_aRU _b2002-24743 _91240 |
||
| 035 | _a(NLR Aleph) 000301792 | ||
| 090 |
_a2374 _c2374 |
||
| 100 | _a20020911d2002 |||y0rusy50 ca | ||
| 101 | 0 | _arus | |
| 102 | _aRU | ||
| 105 | _aa ||||||||| | ||
| 200 | 1 |
_aНовейшие психотехнологии влияния на людей _eПракт. рук. по упр. разумом _fИгорь Добротворский |
|
| 210 |
_aМ. _cКСП+ _d2002 |
||
| 215 |
_a233 с. _cил. _d21 |
||
| 225 | 1 | _aБиблиотека NLP | |
| 606 | 0 |
_aНейролингвистическое программирование _jПопулярная литература _91070284 _3RU\NLR\auth\6698234 |
|
| 606 | 0 |
_aНейролингвистическое программирование _jПопулярные издания _91070284 _3RU\NLR\auth\6698234 |
|
| 610 | 0 | _aНейролингвистика | |
| 675 |
_a159.961 _v3 _zrus |
||
| 686 |
_a15 _2rugasnti |
||
| 686 |
_a88.6 _2rubbk |
||
| 686 | _aЮ948.1-82я9 | ||
| 700 | 1 |
_aДобротворский _bИ. Л. _gИгорь Леонидович _4070 |
|
| 801 | 0 |
_aRU _bRKP _c20020911 _gPSBO |
|
| 801 | 1 |
_aRU _bRKP _c20020911 |
|
| 801 | 2 |
_aRU _bNLR _c20021004 _grcr |
|
| 942 | _cBOOK | ||
| 980 | _aNB | ||